000
00327 a2200157 4500
001
59842
020
_a
9788501082664
040
_c
Anchieta - Pituba
100
_a
Dent, Grace
240
1
0
_a
Grana ou drama
_l
por
245
1
0
_a
Grana ou drama
300
_a
239
362
0
_a
2011
650
4
_a
Literatura juvenil
942
_c
BK
999
_c
59842
_d
59842